| 000 | 00949nas a2200265 4500 | ||
|---|---|---|---|
| 001 | BR9201594 | ||
| 003 | BR-BrBNA | ||
| 005 | 20231205092424.0 | ||
| 007 | ta | ||
| 008 | 230509b bl.|||p| |||| 00| 00por d | ||
| 040 |
_aBR-BrBNA _bpor _cBiblioteca Nacional de Agricultura |
||
| 041 | _a(Pt) | ||
| 072 | _aL72 | ||
| 100 | 1 | _aMundin, M.J.S. | |
| 100 | 1 | _aBarbon, E. | |
| 245 | 1 | _aFrequencia e identificacao de coccidios intestinais em coelhos domesticos (Oryctolagus cuniculatus)em Uberlandia, Minas Gerais | |
| 246 | 1 | _aFrequency and identification of intestinal coccidia in domestic rabbits (Oryctolagus cuniculatus)in Brazil | |
| 650 | _aCOELHO | ||
| 650 | _aCOCCIDIOSE | ||
| 650 | _aLEVANTAMENTO | ||
| 650 | _aMINAS GERAIS | ||
| 773 | 0 |
_tArquivo Brasileiro de Medicina Veterinaria e Zootecnia (Brazil) _xISSN 0102-0935 _g(Dec 1990), v. 42(6) p. 529-536 _wBR9201594 |
|
| 909 |
_a202311 _bLúcia _c55 _dLúcia Elande |
||
| 942 |
_2AGRIS _n0 _cANA |
||
| 999 |
_c131605 _d131605 |
||